| 000 | 01623cam a2200301 a 4500 | ||
|---|---|---|---|
| 001 | 4522677 | ||
| 005 | 20210414113846.0 | ||
| 008 | 001128s1998 enkab b 001 0 eng | ||
| 010 | _a98015080 | ||
| 020 | _a0521631394 (hardcover) | ||
| 020 | _a0521637481 (pbk.) | ||
| 035 | _a(OCoLC)38738896 | ||
| 035 | _a(OCoLC)ocm38738896 | ||
| 035 | _a(NNC)4522677 | ||
| 040 |
_aDLC _cDLC _dDLC _dNNUT |
||
| 050 | _aBL80.2 .S615 | ||
| 090 |
_aBL80.2 _b.S615 1998 |
||
| 100 | 1 |
_aSmart, Ninian, _d1927-2001. |
|
| 245 | 1 | 4 |
_aThe world's religions / _cNinian Smart |
| 250 | _a2nd ed | ||
| 260 |
_aCambridge ; _aNew York : _bCambridge University Press, _c1998 |
||
| 300 |
_a608 p. : _bill. (some col.), maps ; _c24 cm |
||
| 504 | _aIncludes bibliographical references and index | ||
| 505 | _aContents: Part I: Earliest religions -- South Asia -- China -- Japan -- Southeast Asia --The Pacific -- The Americas -- The ancient Near East -- Persia and Central Asia --The Greek and Roman world -- Classical and medieval Christianity and Judaism -- Classical and medieval Islam -- Classical African religions --Part II: 14. The Explosion of Europe and the re-forming of Christianity -- North America --South Asia and reactions to colonial intervention -- China and Korea in modern times -- Modern Southeast Asia -- Japan in modern times -- Islam passes through the shadows -- The colonial impact in the Pacific -- Eastern Europe and the Soviet Union --Africa in the modern world -- Latin America and the Caribbean -- Some final reflections on global religion. | ||
| 650 | 0 | _aReligions. | |
| 942 |
_2lcc _cBK |
||
| 999 |
_c120 _d7620 |
||